Revisiting modern European history: 1789-1945 / (Record no. 145701)
[ view plain ]
| 000 -LEADER | |
|---|---|
| fixed length control field | 00785nam a22002057a 4500 |
| 005 - DATE AND TIME OF LATEST TRANSACTION | |
| control field | 20180212144819.0 |
| 010 ## - LCCN (DPL NO) | |
| LC control number | 1718EN-30 |
| 020 ## - INTERNATIONAL STANDARD BOOK NUMBER | |
| International Standard Book Number | 9789332541108 |
| Terms of availability | 370.00 |
| 035 ## - SYSTEM CONTROL NUMBER | |
| System control number | B-684221-225 |
| 037 ## - SOURCE OF ACQUISITION | |
| Source of stock number/acquisition | BSB |
| Stock number | dpl |
| 082 ## - DEWEY DECIMAL CLASSIFICATION NUMBER | |
| Classification number | 940 |
| 245 ## - TITLE STATEMENT | |
| Title | Revisiting modern European history: 1789-1945 / |
| Statement of responsibility, etc | edited by Vandana Joshi |
| 260 ## - PUBLICATION, DISTRIBUTION, ETC. (IMPRINT) | |
| Place of publication, distribution, etc | Noida |
| Name of publisher, distributor, etc | Pearson |
| Date of publication, distribution, etc | 2017 |
| 270 ## - ADDRESS | |
| Address | 15th Floor, Tower-B, World Trade Tower, Plot No.1, Block-C, Sector-16 |
| City | Noida |
| Postal code | 201301 |
| 300 v# - PHYSICAL DESCRIPTION | |
| Extent | xxvi,350p. |
| Dimensions | 21cm(pbk) |
| 500 ## - GENERAL NOTE | |
| General note | Includes index |
| 700 ## - ADDED ENTRY--PERSONAL NAME | |
| Personal name | Joshi, Vandana |
| 942 ## - ADDED ENTRY ELEMENTS (KOHA) | |
| Source of classification or shelving scheme | Dewey Decimal Classification |
| Item type | English Books |
| Call number suffix | REV |
| Classification part | 940 |
| Withdrawn status | Lost status | Not for loan | Collection code | Home library | Current library | Date acquired | Source of acquisition | Cost, normal purchase price | Full call number | Barcode | Copy number | Cost, replacement price | Koha item type |
|---|---|---|---|---|---|---|---|---|---|---|---|---|---|
| Non-fiction | Ashok Vihar | Ashok Vihar | 12/02/2018 | BSB/299/1.12.2017/BPPB/EN/2017-18/641/20.11.17/14.12.2017 | 370.00 | 940 REV | B-684222 | 1 | 370.00 | English Books | |||
| Non-fiction | Bawana | Bawana | 12/02/2018 | BSB/299/1.12.2017/BPPB/EN/2017-18/641/20.11.17/14.12.2017 | 370.00 | 940 REV | B-684225 | 1 | 370.00 | English Books | |||
| Non-fiction | Central Library | Central Library | 12/02/2018 | BSB/299/1.12.2017/BPPB/EN/2017-18/641/20.11.17/14.12.2017 | 370.00 | 940 REV | B-684221 | 1 | 370.00 | English Books | |||
| Non-fiction | Janak Puri | Janak Puri | 12/02/2018 | BSB/299/1.12.2017/BPPB/EN/2017-18/641/20.11.17/14.12.2017 | 370.00 | 940 REV | B-684224 | 1 | 370.00 | English Books | |||
| Non-fiction | Patel Nagar | Patel Nagar | 12/02/2018 | BSB/299/1.12.2017/BPPB/EN/2017-18/641/20.11.17/14.12.2017 | 370.00 | 940 REV | B-684223 | 1 | 370.00 | English Books |
